000 00409nam a2200133Ia 4500
008 230917s9999||||xx |||||||||||||| ||und||
040 _e93559
_aMAIN
041 _aEnglish
082 _a617 S83A
100 _aSatish Kumar
245 0 _aAssessment of breast lumps by clinical examination, mammography fine needle aspiration cytology and their correlation with histopathology
300 _a83 p.
942 _cTH
999 _c86689
_d86689